000 00219nam a22000857a 4500
008 170228b xxu||||| |||| 00| 0 eng d
100 _92950
_aChaturvedi.R.
245 _aWorkBook our Pasts-VIII
260 _aNew Delhi
_bAPC
_c2009
999 _c6194
_d6194